Kluby w których grał Cristiano Ronaldo - Statystyki

Ogólne statystyki
  • Ten quiz został rozwiązany 151 razy
  • Średni wynik to 6 z 6
Statystyki odpowiedzi
lata w klubie klub % Poprawnych
2009-2018 Real Madryt
98%
2018-2021 Juventus
93%
2003-2009 Manchester United
93%
2021-2022 Manchester United
93%
2023= Al Nassr
92%
2002-2003 Sporting
92%
Nie znaleziono quizów pasujących do podanych kryteriów
Rozkład punktacji
Procent ludzi z każdym wynikiem
Percentyl według liczby udzielonych odpowiedzi
Twoja historia wyników
Nie rozwiązałeś tego quizu